000 00961nam a22002417a 4500
005 20250401134730.0
008 250401b |||||||| |||| 00| 0 eng d
020 _a978-81-7143-636-1(hbk)
037 _cTB
040 _aAL
_cAL
041 _2pun
_apun
084 _aO153,6(w,1) Q6
_qAL
100 _aਕੌਰ, ਰਾਜਵਿੰਦਰ
245 _aਸਵੈ-ਜੀਵਨੀ ਸਿਧਾਂਤ ਤੇ ਵਿਹਾਰ
260 _aਅੰਮ੍ਰਿਤਸਰ, ਭਾਰਤ :
_bਰਵੀ ਸਹਿਤਯ ਪਰਕਾਸ਼ਨ,
_c2016.
300 _a192 ਪ.
365 _b 300.00
_cINR
650 _aਪੰਜਾਬੀ ਸਹਿਤਯ
650 _aਆਤਮਕਥਾ
650 _aਪੰਜਾਬੀ ਨਿਬੰਧ
942 _2CC
_cTB
_hO153,6(w,1) Q6
_n0
999 _c1308330
_d1308330